| 000 | 00904nam a22003017a 4500 | ||
|---|---|---|---|
| 001 | 200461495 | ||
| 003 | TR-AnTOB | ||
| 005 | 20241119102924.0 | ||
| 008 | 240703b tu ||||| |||| 00| 0 tur d | ||
| 020 | _a9786050205626 | ||
| 040 |
_aTR-AnTOB _beng _erda _cTR-AnTOB |
||
| 041 | _atur | ||
| 092 |
_a796.1 _bLEN 2018 |
||
| 100 |
_aLengwenus, Björn _9146087 |
||
| 245 |
_aOyun kitabı / _cBjörn Lengwenus, Jörg Hilbert ; Almancadan çeviren: Gülderen Pamir |
||
| 250 | _a1.bs. | ||
| 260 |
_aİstanbul : _bPia Çocuk, _c2018. |
||
| 300 |
_a160 Pages. : _bill. ; _c24 cm. |
||
| 336 |
_atext _btxt _2rdacontent |
||
| 337 |
_aunmediated _bn _2rdamedia |
||
| 338 |
_avolume _bnc _2rdacarrier |
||
| 500 | _aÖzgün eseradı: Spielbuch | ||
| 653 | _aÇocuk oyunları | ||
| 700 |
_aPamir, Gülderen _etranslator _9146088 |
||
| 942 |
_2ddc _cBK |
||
| 999 |
_c200461495 _d79707 |
||